| 000 | 00714nam a2200205 4500 | ||
|---|---|---|---|
| 003 | OSt | ||
| 005 | 20221121103146.0 | ||
| 008 | 221117b |||||||| |||| 00| 0 eng d | ||
| 040 | _cBiblioteca Lado V | ||
| 082 |
_a779.943 _bB645a |
||
| 100 |
_9474 _aBlazquez Abascal, Jimena _edirectora |
||
| 245 | _aArte y Naturaleza/ | ||
| 260 |
_bMonten Medio arte Contemporáneo _aMadrid |
||
| 300 |
_a85p. _c21x26cm |
||
| 650 |
_2Tesauro de Arte & Arquitectura _aARTE CONTEMPORANEO |
||
| 650 |
_2Tesauro de Arte & Arquitectura _aNATURALEZA |
||
| 650 |
_2Tesauro de Arte & Arquitectura _aARTISTAS JOVENES |
||
| 650 |
_2Tesauro de Arte & Arquitectura _aARTE ESPAÑOL |
||
| 942 |
_2ddc _c1 _h779.943 _iB645a |
||
| 999 |
_c2699 _d2699 |
||